| 000 | 00484nam a2200169Ia 4500 | ||
|---|---|---|---|
| 008 | 230718s9999 xx 000 0 und d | ||
| 020 | _a9788177584172 | ||
| 041 | _aeng | ||
| 082 |
_a621.382 _bGAR |
||
| 100 |
_aGarg V.K. _9109335 |
||
| 245 |
_aIS-95 CDMA And Cdma 2000 _bCellular/PCS Systems Implementation |
||
| 260 | _bPearson education | ||
| 300 |
_a423 _dRef 864 E (25689) |
||
| 365 |
_cRs. _b310.00 |
||
| 700 |
_aGarg V.K. _9109335 |
||
| 906 |
_dB:107080090018-Oct-2007 _cME ETC |
||
| 999 |
_c317749 _d317749 |
||